000 00369nam a22001697a 4500
005 20160528093549.0
008 160528b xxu||||| |||| 00| 0 eng d
020 _a0-07-058204-1
041 _aeng
082 _b5590
100 _aLevy & Weitz
_91413
245 _aRetailing Management
260 _bTMH
300 _a699
650 _aManagement
_9241
942 _cBK
999 _c2001
_d2000